| Поле | Инд. | ПП | Название | Значение |
|---|---|---|---|---|
| Тип записи | a | |||
| Библиографический уровень | m | |||
| 001 | Контрольный номер | 21b67e07-4c70-478c-ad5e-9655e9b06a94 | ||
| 005 | Дата корректировки | 20111130135420.5 | ||
| 008 | Кодируемые данные | 000125 d | ||
| 020 | a | ISBN | 5-02-012178-9 | |
| c | Цена, тираж | 312-00 | ||
| 080 | a | Индекс УДК | 338.22 | |
| 084 | a | Индекс другой классификации/Индекс ББК | У9(2)0-18 | |
| a | Индекс другой классификации/Индекс ББК | У50-18 | ||
| 090 | c | Каталожный индекс | У9(2)0-18 + У50-18 | |
| x | Авторский знак | М77 | ||
| a | Полочн. индекс | У9(2) | ||
| 245 | 00 | a | Заглавие | Монополизм и антимонопольная политика |
| c | Ответственность | [А.В. Барышева, Ю.В. Сухотин, В.Н. Богачев и др.; Отв. ред. А.В. Барышева]; Рос. АН. Ин-т экономики | ||
| 260 | 0_ | a | Место издания | Москва |
| b | Издательство | Наука | ||
| c | Дата издания | 1993 | ||
| 300 | a | Объем | 237,[1] с. | |
| 500 | a | Примечание | Авт. указаны на обороте тит. л | |
| 650 | a | Основная рубрика | Экономика | |
| 650 | a | Основная рубрика | Экономическая политика | |
| 650 | a | Основная рубрика | Антимонопольная политика | |
| 653 | a | Ключевые слова | Монополизм | |
| a | Ключевые слова | Экономика | ||
| a | Ключевые слова | Экономическая политика | ||
| a | Ключевые слова | Антимонопольная политика | ||
| 852 | p | Инвентарный номер | 648992 | |
| 954 | a | Дата поступления на обработку | 03.06.94 | |
| a | Дата поступления на обработку | 03.06.94 | ||
| 999 | a | Подразделение 2 | аб. |